[Event "XVI Ugra Cup 2020"]
[Site "Khanty-Mansiysk"]
[Date "2020.12.03"]
[Round "4.4"]
[White "Bocharov, Ivan"]
[Black "Iljiushenok, Ilia"]
[Result "1-0"]
[WhiteElo "2559"]
[BlackElo "2539"]
[Annotator "ChessBase"]
[PlyCount "99"]
[EventDate "2020.11.30"]
[EventType "swiss"]
[EventCountry "RUS"]
[SourceTitle "playchess.com"]
[Source "ChessBase"]
[SourceQuality "1"]
[TimeControl "5400+30"]

1. e4 {[%emt 0:00:00]} e6 {[%emt 0:00:00]} 2. d4 {[%emt 0:00:00]} d5 {[%emt 0:00:00]} 3. Nd2 {[%emt 0:00:00]} c5 {[%emt 0:00:00]} 4. exd5 {[%emt 0:00:00]} Qxd5 {[%emt 0:00:00]} 5. Ngf3 {[%emt 0:00:11]} cxd4 {[%emt 0:00:00]} 6. Bc4 {[%emt 0:00:06]} Qd7 {[%emt 0:00:00]} 7. O-O {[%emt 0:00:11]} Nc6 {[%emt 0:00:19]} 8. Nb3 {[%emt 0:00:19]} Nf6 {[%emt 0:00:22]} 9. Qe2 {[%emt 0:00:14]} a6 {[%emt 0:01:18]} 10. a4 {[%emt 0:00:15]} Bd6 {[%emt 0:01:07]} 11. Rd1 {[%emt 0:00:13]} O-O {[%emt 0:00:33]} 12. Nbxd4 {[%emt 0:00:10]} e5 {[%emt 0:00:57]} 13. Nxc6 {[%emt 0:00:35]} Qxc6 {[%emt 0:00:05]} 14. Bg5 {[%emt 0:00:49]} Bc7 {[%emt 0:00:32]} 15. h3 {[%emt 0:01:31]} e4 {[%emt 0:05:52]} 16. Nd2 {[%emt 0:01:34]} Bf5 {[%emt 0:01:34]} 17. Nf1 {[%emt 0:00:57]} h6 {[%emt 0:19:23]} 18. Bh4 {[%emt 0:07:00]} Bg6 {[%emt 0:02:11]} 19. Ne3 {[%emt 0:01:59]} Bh5 {[%emt 0:03:40]} 20. g4 {[%emt 0:01:07]} Bg6 {[%emt 0:00:06]} 21. Nd5 {[%emt 0:09:16]} Nxd5 {[%emt 0:05:25]} 22. Bxd5 {[%emt 0:00:23]} Qe8 {[%emt 0:00:13]} 23. Ra3 {[%emt 0:03:33]} Kh8 {[%emt 0:11:12]} 24. Rc3 {[%emt 0:02:20]} Be5 {[%emt 0:04:23]} 25. Rc4 {[%emt 0:01:15]} f5 {[%emt 0:06:09]} 26. Bxb7 {[%emt 0:01:08]} Rb8 {[%emt 0:00:56]} 27. Bc6 {[%emt 0:01:13]} Qf7 {[%emt 0:07:22]} 28. Bd5 {[%emt 0:00:41]} Qe8 {[%emt 0:02:37]} 29. b3 {[%emt 0:05:43]} Bd6 {[%emt 0:03:54]} 30. Bxe4 {[%emt 0:04:46]} Bf7 {[%emt 0:09:33]} 31. Rc6 {[%emt 0:02:34]} Be7 {[%emt 0:00:14]} 32. Bxe7 {[%emt 0:00:50]} Qxe7 {[%emt 0:00:01]} 33. gxf5 {[%emt 0:01:59]} Rbe8 {[%emt 0:03:52]} 34. f3 {[%emt 0:03:01]} Bh5 {[%emt 0:00:48]} 35. Re6 {[%emt 0:07:47]} Qh4 {[%emt 0:01:58]} 36. Qf2 {[%emt 0:01:56]} Qf4 {[%emt 0:00:07]} 37. Qd2 {[%emt 0:10:34]} Qh4 {[%emt 0:07:15]} 38. Kg2 {[%emt 0:00:10]} Rd8 {[%emt 0:04:05]} 39. Rd6 {[%emt 0:00:02]} Rxd6 {[%emt 0:00:15]} 40. Qxd6 {[%emt 0:00:01]} Re8 {[%emt 0:00:05]} 41. Rd4 {[%emt 0:03:28]} Qe1 {[%emt 0:01:22]} 42. Qg3 {[%emt 0:00:56]} Qe3 {[%emt 0:00:38]} 43. Rd7 {[%emt 0:00:51]} Qc3 {[%emt 0:00:19]} 44. Qh4 {[%emt 0:03:42]} Qe3 {[%emt 0:00:39]} 45. f6 {[%emt 0:01:29]} Qe2+ {[%emt 0:00:29]} 46. Qf2 {[%emt 0:00:22]} Rxe4 {[%emt 0:00:05]} 47. fxg7+ {[%emt 0:00:40]} Kg8 {[%emt 0:00:04]} 48. fxe4 {[%emt 0:00:17]} Qxe4+ {[%emt 0:00:08]} 49. Kg1 {[%emt 0:00:27]} Qg6+ {[%emt 0:00:05]} 50. Kh2 {[%emt 0:00:14]} 1-0

[Event "XVI Ugra Cup 2020"]
[Site "Khanty-Mansiysk"]
[Date "2020.12.03"]
[Round "4.5"]
[White "Demchenko, Anton"]
[Black "Obgolts, Erik"]
[Result "1/2-1/2"]
[WhiteElo "2626"]
[BlackElo "2371"]
[Annotator "ChessBase"]
[PlyCount "257"]
[EventDate "2020.11.30"]
[EventType "swiss"]
[EventCountry "RUS"]
[SourceTitle "playchess.com"]
[Source "ChessBase"]
[SourceQuality "1"]
[TimeControl "5400+30"]

1. e4 {[%emt 0:00:00]} c6 {[%emt 0:00:00]} 2. d4 {[%emt 0:00:00]} d5 {[%emt 0:00:00]} 3. e5 {[%emt 0:00:00]} c5 {[%emt 0:00:00]} 4. Nf3 {[%emt 0:00:00]} Nc6 {[%emt 0:02:18]} 5. dxc5 {[%emt 0:00:00]} Bg4 {[%emt 0:09:07]} 6. c3 {[%emt 0:00:34]} Qd7 {[%emt 0:06:10]} 7. Bb5 {[%emt 0:05:48]} e6 {[%emt 0:02:17]} 8. Be3 {[%emt 0:03:22]} Nge7 {[%emt 0:01:39]} 9. Nbd2 {[%emt 0:00:36]} Nf5 {[%emt 0:03:00]} 10. Bd4 {[%emt 0:00:21]} Be7 {[%emt 0:02:36]} 11. h3 {[%emt 0:01:24]} Bxf3 {[%emt 0:00:11]} 12. Nxf3 {[%emt 0:01:36]} O-O {[%emt 0:01:23]} 13. O-O {[%emt 0:01:26]} Qc7 {[%emt 0:03:59]} 14. Rc1 {[%emt 0:06:30]} Rfc8 {[%emt 0:13:38]} 15. a3 {[%emt 0:10:38]} a6 {[%emt 0:06:00]} 16. Bd3 {[%emt 0:08:41]} Nfxd4 {[%emt 0:00:27]} 17. cxd4 {[%emt 0:00:08]} b6 {[%emt 0:00:08]} 18. b4 {[%emt 0:07:47]} bxc5 {[%emt 0:00:08]} 19. bxc5 {[%emt 0:00:05]} Qa5 {[%emt 0:01:33]} 20. Qe1 {[%emt 0:11:46]} Qxa3 {[%emt 0:17:22]} 21. Qe3 {[%emt 0:00:44]} Qa5 {[%emt 0:01:29]} 22. Ra1 {[%emt 0:00:18]} Qc7 {[%emt 0:00:04]} 23. Bxa6 {[%emt 0:01:13]} Rcb8 {[%emt 0:01:53]} 24. Bd3 {[%emt 0:00:48]} Rxa1 {[%emt 0:02:27]} 25. Rxa1 {[%emt 0:00:02]} g6 {[%emt 0:01:38]} 26. Bc2 {[%emt 0:01:58]} Kg7 {[%emt 0:02:17]} 27. Qc3 {[%emt 0:01:51]} Rb4 {[%emt 0:03:06]} 28. Ra4 {[%emt 0:03:49]} Rb8 {[%emt 0:02:30]} 29. h4 {[%emt 0:08:36]} h5 {[%emt 0:00:41]} 30. g3 {[%emt 0:01:03]} Qb7 {[%emt 0:00:31]} 31. Ra3 {[%emt 0:01:49]} Qb2 {[%emt 0:01:07]} 32. Ba4 {[%emt 0:02:25]} Qe2 {[%emt 0:02:20]} 33. Qd3 {[%emt 0:01:11]} Nxd4 {[%emt 0:03:29]} 34. Nxd4 {[%emt 0:01:57]} Qe1+ {[%emt 0:00:18]} 35. Qf1 {[%emt 0:02:18]} Qxf1+ {[%emt 0:00:40]} 36. Kxf1 {[%emt 0:00:02]} Bxc5 {[%emt 0:01:38]} 37. Rd3 {[%emt 0:00:16]} Rb4 {[%emt 0:00:21]} 38. Nb3 {[%emt 0:00:07]} Ba7 {[%emt 0:06:22]} 39. Bc6 {[%emt 0:00:13]} Rc4 {[%emt 0:02:01]} 40. Ba8 {[%emt 0:00:47]} Ra4 {[%emt 0:00:57]} 41. Nd2 {[%emt 0:02:41]} Bb8 {[%emt 0:00:15]} 42. Bc6 {[%emt 0:00:36]} Ra1+ {[%emt 0:00:15]} 43. Kg2 {[%emt 0:01:09]} Bxe5 {[%emt 0:00:02]} 44. Nf3 {[%emt 0:00:23]} Bf6 {[%emt 0:00:18]} 45. Rb3 {[%emt 0:00:48]} Ra7 {[%emt 0:00:05]} 46. Ng5 {[%emt 0:02:13]} Rc7 {[%emt 0:01:34]} 47. Rb6 {[%emt 0:04:39]} Bd4 {[%emt 0:01:15]} 48. Ra6 {[%emt 0:00:01]} Bf6 {[%emt 0:00:12]} 49. Kf3 {[%emt 0:01:06]} Re7 {[%emt 0:00:09]} 50. Ke3 {[%emt 0:00:24]} Bb2 {[%emt 0:00:14]} 51. Kd3 {[%emt 0:01:08]} Bf6 {[%emt 0:00:11]} 52. f4 {[%emt 0:00:24]} Bb2 {[%emt 0:01:05]} 53. Nf3 {[%emt 0:01:32]} Rc7 {[%emt 0:01:44]} 54. Ke2 {[%emt 0:00:50]} Bc3 {[%emt 0:00:09]} 55. Ng5 {[%emt 0:00:56]} Re7 {[%emt 0:00:10]} 56. Rb6 {[%emt 0:02:52]} Bd4 {[%emt 0:00:06]} 57. Rb7 {[%emt 0:00:30]} Rxb7 {[%emt 0:00:10]} 58. Bxb7 {[%emt 0:00:02]} Kf8 {[%emt 0:00:39]} 59. Nf3 {[%emt 0:00:20]} Ba7 {[%emt 0:00:47]} 60. Ne5 {[%emt 0:00:06]} Bg1 {[%emt 0:00:35]} 61. Kf3 {[%emt 0:00:35]} Ba7 {[%emt 0:00:20]} 62. Ba6 {[%emt 0:01:18]} Bg1 {[%emt 0:00:14]} 63. Be2 {[%emt 0:00:24]} Ba7 {[%emt 0:00:14]} 64. Kg2 {[%emt 0:00:05]} Bd4 {[%emt 0:00:14]} 65. Bf3 {[%emt 0:00:05]} Kg7 {[%emt 0:00:42]} 66. Bd1 {[%emt 0:00:50]} Bc3 {[%emt 0:00:19]} 67. Nf3 {[%emt 0:00:05]} Kf8 {[%emt 0:00:13]} 68. Ng5 {[%emt 0:00:07]} Bd2 {[%emt 0:00:39]} 69. Bb3 {[%emt 0:01:13]} Kg7 {[%emt 0:00:50]} 70. Ba4 {[%emt 0:01:06]} Kf8 {[%emt 0:00:25]} 71. Kf2 {[%emt 0:00:11]} Bc1 {[%emt 0:00:20]} 72. Ke2 {[%emt 0:00:34]} Ke7 {[%emt 0:00:11]} 73. Nf3 {[%emt 0:00:27]} Ba3 {[%emt 0:00:34]} 74. Ne5 {[%emt 0:00:13]} Bb2 {[%emt 0:00:31]} 75. Kf3 {[%emt 0:00:09]} Bc3 {[%emt 0:00:44]} 76. Bc2 {[%emt 0:00:19]} Kf6 {[%emt 0:00:13]} 77. Nd3 {[%emt 0:00:15]} Bd4 {[%emt 0:00:13]} 78. Ba4 {[%emt 0:00:10]} Ke7 {[%emt 0:00:11]} 79. Bb5 {[%emt 0:01:17]} Bc3 {[%emt 0:00:11]} 80. Bc6 {[%emt 0:00:10]} Kd6 {[%emt 0:01:24]} 81. Bb7 {[%emt 0:00:14]} Bf6 {[%emt 0:01:25]} 82. Kg2 {[%emt 0:00:36]} Bg7 {[%emt 0:00:44]} 83. Ne1 {[%emt 0:00:15]} Ke7 {[%emt 0:00:16]} 84. Nf3 {[%emt 0:00:34]} Bc3 {[%emt 0:00:12]} 85. Ng5 {[%emt 0:01:31]} Bd2 {[%emt 0:00:14]} 86. Bc6 {[%emt 0:00:11]} Bc1 {[%emt 0:00:13]} 87. Ba4 {[%emt 0:00:37]} Bd2 {[%emt 0:01:05]} 88. Kf2 {[%emt 0:00:22]} Bc1 {[%emt 0:00:13]} 89. Bd1 {[%emt 0:02:28]} Kf6 {[%emt 0:00:41]} 90. Bf3 {[%emt 0:00:57]} Bd2 {[%emt 0:00:18]} 91. Kf1 {[%emt 0:00:45]} Be3 {[%emt 0:00:16]} 92. Ke1 {[%emt 0:00:04]} Bc1 {[%emt 0:00:28]} 93. Ke2 {[%emt 0:00:04]} Kg7 {[%emt 0:01:06]} 94. f5 {[%emt 0:00:44]} exf5 {[%emt 0:00:48]} 95. Nh3 {[%emt 0:00:12]} d4 {[%emt 0:00:32]} 96. Bd5 {[%emt 0:00:10]} Be3 {[%emt 0:00:48]} 97. Kf3 {[%emt 0:00:14]} Kf6 {[%emt 0:01:07]} 98. Nf4 {[%emt 0:00:45]} Kg7 {[%emt 0:00:32]} 99. Bc4 {[%emt 0:00:32]} f6 {[%emt 0:01:17]} 100. Ne6+ {[%emt 0:01:02]} Kh6 {[%emt 0:00:08]} 101. Bd3 {[%emt 0:00:06]} Kh7 {[%emt 0:00:52]} 102. Nc7 {[%emt 0:01:03]} Kg7 {[%emt 0:00:14]} 103. Bc2 {[%emt 0:00:09]} Kf7 {[%emt 0:01:01]} 104. Bb3+ {[%emt 0:00:07]} Kg7 {[%emt 0:00:18]} 105. Ne8+ {[%emt 0:00:18]} Kh6 {[%emt 0:00:04]} 106. Bc2 {[%emt 0:00:26]} d3 {[%emt 0:01:04]} 107. Bxd3 {[%emt 0:00:12]} Bd4 {[%emt 0:00:02]} 108. Nc7 {[%emt 0:01:00]} Be5 {[%emt 0:00:03]} 109. Ne6 {[%emt 0:00:10]} Bc3 {[%emt 0:00:27]} 110. Nf4 {[%emt 0:00:47]} Be5 {[%emt 0:00:04]} 111. Ng2 {[%emt 0:00:16]} Bd4 {[%emt 0:00:08]} 112. Bc2 {[%emt 0:01:47]} Kg7 {[%emt 0:00:17]} 113. Bb1 {[%emt 0:02:05]} Kh6 {[%emt 0:00:07]} 114. Bd3 {[%emt 0:00:03]} Kg7 {[%emt 0:00:07]} 115. Nf4 {[%emt 0:00:25]} Be5 {[%emt 0:00:10]} 116. Nd5 {[%emt 0:00:11]} Kh6 {[%emt 0:00:15]} 117. Bb5 {[%emt 0:00:33]} Kg7 {[%emt 0:01:50]} 118. Be8 {[%emt 0:01:02]} Bd6 {[%emt 0:00:22]} 119. Nf4 {[%emt 0:00:48]} Bxf4 {[%emt 0:00:45]} 120. gxf4 {[%emt 0:01:02]} Kh6 {[%emt 0:00:09]} 121. Bxg6 {[%emt 0:00:46]} Kxg6 {[%emt 0:00:01]} 122. Ke3 {[%emt 0:00:06]} Kf7 {[%emt 0:00:21]} 123. Kd4 {[%emt 0:00:06]} Ke6 {[%emt 0:00:38]} 124. Kc5 {[%emt 0:00:06]} Ke7 {[%emt 0:00:05]} 125. Kc6 {[%emt 0:00:19]} Ke6 {[%emt 0:00:04]} 126. Kc5 {[%emt 0:00:09]} Ke7 {[%emt 0:00:03]} 127. Kc6 {[%emt 0:00:16]} Ke6 {[%emt 0:00:04]} 128. Kc5 {[%emt 0:00:04]} Ke7 {[%emt 0:00:03]} 129. Kc6 {[%emt 0:00:04]} 1/2-1/2

[Event "XVI Ugra Cup 2020"]
[Site "Khanty-Mansiysk"]
[Date "2020.12.03"]
[Round "4.6"]
[White "Pridorozhni, Aleksei"]
[Black "Mochalin, Faddey"]
[Result "1-0"]
[WhiteElo "2590"]
[BlackElo "2196"]
[Annotator "TA"]
[PlyCount "96"]
[EventDate "2020.11.30"]
[EventType "swiss"]
[EventCountry "RUS"]
[SourceTitle "playchess.com"]
[Source "ChessBase"]
[SourceQuality "1"]

{[%evp 23,96,29,12,0,1,0,20,20,97,111,98,98,104,85,104,107,94,94,95,100,99,99,95,97,102,93,91,57,65,56,76,43,89,85,98,95,102,98,105,56,111,76,89,76,197,183,238,145,193,181,187,185,241,238,214,214,645,654,635,610,666,663,751,683,846,789,671,599,533,494,989,979,939,886,788]} 1. e4 e6 2. d4 d5 3. Nd2 c5 4. Ngf3 cxd4 5. exd5 Qxd5 6. Bc4 Qd6 7. O-O Nf6 8. Nb3 Nc6 9. Nbxd4 Nxd4 10. Qxd4 Qxd4 11. Nxd4 Bd7 12. Be2 {seems to push 12.Bf4 aside.} Bc5 13. Nb3 {C07: French Tarrasch: 3...c5, 4 Ngf3 and 4 exd5 Qxd5.} Bb6 14. a4 {[%cal Ba2a4,Ba4a5][%mdl 32]} a6 15. Bf3 {The position is equal.} Rc8 (15... O-O-O $11 {keeps the balance.}) 16. a5 $16 Ba7 17. Bxb7 Rxc2 {Hoping for ...Bb5.} 18. Bxa6 {[#]} Ne4 $146 {[%cal Re4f2]} ({Predecessor:} 18... Ng4 19. Nd2 O-O 20. Bd3 Rc7 21. Nc4 Bb5 22. b3 Rd8 23. Be2 Bxc4 24. bxc4 Ne5 {1-0 (46) Gavrilov,A (2244)-Alavkin,A (2493) Moscow 2004}) 19. Be3 $1 {[%cal Re3a7]} Bxe3 20. fxe3 Rxb2 21. Rfb1 Rxb1+ 22. Rxb1 Ke7 {[#]} 23. Bb7 $1 {[%cal Rb7e4]} Nc3 24. Ra1 Nb5 25. a6 {Strongly threatening a7.} Na7 $1 26. Rc1 Rb8 27. Na5 Kd8 28. Kf2 Ke7 29. e4 f6 30. Ke3 e5 31. g3 h6 ({Black should try} 31... Rd8 $14) 32. Rc3 h5 33. h4 g6 {A mistake that costs the game.} (33... Rd8 $16) 34. Rc1 $18 g5 (34... Ke6 {keeps fighting.} 35. Kf3 Ke7) 35. Kf2 Rf8 {[#]} 36. Nc4 $1 gxh4 37. gxh4 f5 (37... Be6 $142 38. Ne3 Bd7 39. Nf5+ Kd8) 38. Nxe5 {Threatens to win with Ng6+.} fxe4+ 39. Ke3 Kd6 $2 (39... Be8 40. Bxe4 (40. Kxe4 Kd6 $18) 40... Kd6) 40. Nxd7 {White is clearly winning.} Kxd7 {[%mdl 4096] Endgame KRB-KRN} 41. Rc5 Rh8 42. Kxe4 Kd6 43. Kd4 Rh7 44. Rd5+ Kc7 45. Ke4 Kb6 46. Kf4 Rf7+ (46... Rh8 $142 47. Rd6+ Kc5) 47. Kg5 Rh7 {[#]} 48. Kg6 $1 Rh8 {Weighted Error Value: White=0.14/Black=0.34} 1-0

[Event "XVI Ugra Cup 2020"]
[Site "Khanty-Mansiysk"]
[Date "2020.12.03"]
[Round "4.7"]
[White "Skvortsov, Andrei"]
[Black "Rozum, Ivan"]
[Result "1/2-1/2"]
[WhiteElo "2126"]
[BlackElo "2563"]
[Annotator "ChessBase"]
[PlyCount "91"]
[EventDate "2020.11.30"]
[EventType "swiss"]
[EventCountry "RUS"]
[SourceTitle "playchess.com"]
[Source "ChessBase"]
[SourceQuality "1"]
[TimeControl "5400+30"]

1. e4 {[%emt 0:00:00]} g6 {[%emt 0:00:00]} 2. d4 {[%emt 0:01:02]} Bg7 {[%emt 0:00:00]} 3. Nc3 {[%emt 0:00:53]} d6 {[%emt 0:00:06]} 4. Be3 {[%emt 0:03:24]} c6 {[%emt 0:01:55]} 5. Qd2 {[%emt 0:07:37]} Nd7 {[%emt 0:03:10]} 6. f4 {[%emt 0:03:18]} b5 {[%emt 0:01:58]} 7. Nf3 {[%emt 0:04:46]} Ngf6 {[%emt 0:01:52]} 8. e5 {[%emt 0:02:58]} b4 {[%emt 0:01:38]} 9. exf6 {[%emt 0:03:33]} bxc3 {[%emt 0:00:16]} 10. Qxc3 {[%emt 0:00:04]} Nxf6 {[%emt 0:02:31]} 11. Qxc6+ {[%emt 0:00:08]} Bd7 {[%emt 0:00:05]} 12. Qa6 {[%emt 0:03:35]} Qb8 {[%emt 0:08:52]} 13. Qa3 {[%emt 0:02:51]} O-O {[%emt 0:02:15]} 14. Bd3 {[%emt 0:13:30]} Bc6 {[%emt 0:03:52]} 15. Be2 {[%emt 0:08:06]} a5 {[%emt 0:14:26]} 16. O-O {[%emt 0:15:10]} Ng4 {[%emt 0:08:32]} 17. Rab1 {[%emt 0:07:34]} Qb4 {[%emt 0:03:01]} 18. Qxb4 {[%emt 0:06:49]} axb4 {[%emt 0:00:05]} 19. Bd2 {[%emt 0:00:52]} Rxa2 {[%emt 0:03:55]} 20. Bc4 {[%emt 0:00:54]} Ra7 {[%emt 0:00:48]} 21. d5 {[%emt 0:01:00]} Ba8 {[%emt 0:01:15]} 22. h3 {[%emt 0:02:27]} Nf6 {[%emt 0:00:26]} 23. Bxb4 {[%emt 0:00:06]} Ra4 {[%emt 0:05:03]} 24. c3 {[%emt 0:00:04]} Nxd5 {[%emt 0:00:11]} 25. Bb3 {[%emt 0:01:21]} Ra7 {[%emt 0:01:03]} 26. Bxd5 {[%emt 0:00:05]} Bxd5 {[%emt 0:00:03]} 27. Rbd1 {[%emt 0:01:49]} Bb3 {[%emt 0:03:48]} 28. Rde1 {[%emt 0:00:51]} Bc4 {[%emt 0:01:47]} 29. Rf2 {[%emt 0:00:09]} Rfa8 {[%emt 0:00:13]} 30. Kh2 {[%emt 0:00:44]} Kf8 {[%emt 0:01:19]} 31. Nd2 {[%emt 0:01:28]} Bb5 {[%emt 0:04:40]} 32. Nb3 {[%emt 0:00:23]} Bc4 {[%emt 0:01:08]} 33. Nd2 {[%emt 0:00:04]} Be6 {[%emt 0:00:21]} 34. Nf3 {[%emt 0:00:05]} h6 {[%emt 0:02:00]} 35. Nd4 {[%emt 0:03:33]} Bd5 {[%emt 0:00:41]} 36. Rfe2 {[%emt 0:03:11]} Bf6 {[%emt 0:00:26]} 37. Nc2 {[%emt 0:00:30]} Bb3 {[%emt 0:02:20]} 38. Ne3 {[%emt 0:00:32]} Ra1 {[%emt 0:03:04]} 39. g3 {[%emt 0:01:22]} R8a2 {[%emt 0:01:09]} 40. Rxa1 {[%emt 0:00:16]} Rxa1 {[%emt 0:00:02]} 41. Kg2 {[%emt 0:00:58]} h5 {[%emt 0:02:29]} 42. h4 {[%emt 0:00:26]} Ke8 {[%emt 0:02:17]} 43. Bxd6 {[%emt 0:00:32]} Kd7 {[%emt 0:01:49]} 44. Bc5 {[%emt 0:00:46]} Kc6 {[%emt 0:01:06]} 45. Bd4 {[%emt 0:00:04]} Bxd4 {[%emt 0:00:34]} 46. cxd4 {[%emt 0:00:01]} 1/2-1/2

[Event "XVI Ugra Cup 2020"]
[Site "Khanty-Mansiysk"]
[Date "2020.12.03"]
[Round "4.8"]
[White "Bujakevich, Aleksandr"]
[Black "Afanasiev, Nikita"]
[Result "0-1"]
[WhiteElo "2058"]
[BlackElo "2519"]
[Annotator "ChessBase"]
[PlyCount "74"]
[EventDate "2020.11.30"]
[EventType "swiss"]
[EventCountry "RUS"]
[SourceTitle "playchess.com"]
[Source "ChessBase"]
[SourceQuality "1"]
[TimeControl "5400+30"]

1. e4 {[%emt 0:00:00]} g6 {[%emt 0:16:09]} 2. d4 {[%emt 0:00:00]} Bg7 {[%emt 0:00:06]} 3. Nc3 {[%emt 0:01:19]} c6 {[%emt 0:01:08]} 4. Nf3 {[%emt 0:07:19]} d6 {[%emt 0:02:01]} 5. Be2 {[%emt 0:05:04]} Nd7 {[%emt 0:01:23]} 6. O-O {[%emt 0:00:54]} e5 {[%emt 0:02:38]} 7. dxe5 {[%emt 0:05:35]} dxe5 {[%emt 0:00:23]} 8. Bc4 {[%emt 0:11:46]} Ngf6 {[%emt 0:03:50]} 9. Qd6 {[%emt 0:05:24]} Bf8 {[%emt 0:07:03]} 10. Qd3 {[%emt 0:06:11]} Qe7 {[%emt 0:10:32]} 11. Ng5 {[%emt 0:15:36]} Nc5 {[%emt 0:02:21]} 12. Qg3 {[%emt 0:00:46]} Be6 {[%emt 0:19:27]} 13. Nxe6 {[%emt 0:05:51]} fxe6 {[%emt 0:00:53]} 14. Be3 {[%emt 0:09:47]} Bg7 {[%emt 0:07:46]} 15. Bxc5 {[%emt 0:02:27]} Qxc5 {[%emt 0:00:10]} 16. Bxe6 {[%emt 0:00:13]} Qe7 {[%emt 0:00:17]} 17. Qh3 {[%emt 0:02:10]} Kd8 {[%emt 0:02:38]} 18. Rad1+ {[%emt 0:02:50]} Kc7 {[%emt 0:00:05]} 19. Rd3 {[%emt 0:02:35]} Rad8 {[%emt 0:04:03]} 20. Rfd1 {[%emt 0:01:24]} Rxd3 {[%emt 0:02:53]} 21. Rxd3 {[%emt 0:00:11]} Rf8 {[%emt 0:00:10]} 22. a3 {[%emt 0:02:07]} h5 {[%emt 0:01:33]} 23. b4 {[%emt 0:02:26]} Bh6 {[%emt 0:00:49]} 24. Nd1 {[%emt 0:04:04]} Re8 {[%emt 0:01:21]} 25. Ba2 {[%emt 0:01:44]} Nxe4 {[%emt 0:00:10]} 26. Ne3 {[%emt 0:01:59]} Rf8 {[%emt 0:01:28]} 27. f3 {[%emt 0:00:21]} Ng5 {[%emt 0:01:26]} 28. Qg3 {[%emt 0:00:07]} Rf4 {[%emt 0:02:36]} 29. Nc4 {[%emt 0:02:44]} h4 {[%emt 0:03:21]} 30. Qe1 {[%emt 0:00:37]} e4 {[%emt 0:02:48]} 31. Re3 {[%emt 0:00:40]} Bg7 {[%emt 0:01:02]} 32. c3 {[%emt 0:00:30]} Qf7 {[%emt 0:01:46]} 33. fxe4 {[%emt 0:00:20]} b5 {[%emt 0:00:46]} 34. Nd6 {[%emt 0:00:30]} Qxa2 {[%emt 0:00:24]} 35. Ne8+ {[%emt 0:00:13]} Kb7 {[%emt 0:00:23]} 36. Nxg7 {[%emt 0:00:05]} h3 {[%emt 0:00:27]} 37. Qg3 {[%emt 0:00:43]} Nxe4 {[%emt 0:00:31]} 0-1

[Event "XVI Ugra Cup 2020"]
[Site "Khanty-Mansiysk"]
[Date "2020.12.03"]
[Round "4.9"]
[White "Schekachikhin, Maksim"]
[Black "Plyasunov, Daniil"]
[Result "1-0"]
[WhiteElo "2416"]
[BlackElo "1959"]
[Annotator "NA"]
[PlyCount "105"]
[EventDate "2020.11.30"]
[EventType "swiss"]
[EventCountry "RUS"]
[SourceTitle "playchess.com"]
[Source "ChessBase"]
[SourceQuality "1"]
[TimeControl "5400+30"]

1. Nf3 {[%emt 0:00:00]} Nf6 {[%emt 0:00:00]} 2. c4 {[%emt 0:00:00]} c5 {[%emt 0:00:00]} 3. Nc3 {[%emt 0:00:16]} Nc6 {[%emt 0:00:48]} 4. g3 {[%emt 0:02:30]} e5 {[%emt 0:00:34]} 5. Bg2 {[%emt 0:00:30]} g6 {[%emt 0:00:25]} 6. O-O {[%emt 0:00:33]} Bg7 {[%emt 0:00:19]} 7. a3 {[%emt 0:01:46]} d6 {[%emt 0:03:20]} 8. Rb1 {[%emt 0:07:48]} Be6 {[%emt 0:01:07]} 9. d3 {[%emt 0:06:19]} Rc8 {[%emt 0:13:18]} 10. b4 {[%emt 0:02:51]} b6 {[%emt 0:00:29]} 11. Qa4 {[%emt 0:14:44]} O-O {[%emt 0:02:42]} 12. Ng5 {[%emt 0:01:52]} Bd7 $1 {[%emt 0:01:51]} 13. b5 {[%emt 0:00:16]} Na5 {[%emt 0:07:05]} 14. Bd2 {[%emt 0:02:41]} h6 {[%emt 0:02:51]} 15. Nge4 {[%emt 0:00:09]} Nxe4 {[%emt 0:00:14]} 16. Nxe4 {[%emt 0:03:35]} Bf5 {[%emt 0:01:03]} 17. Bxa5 {[%emt 0:02:17]} Bxe4 {[%emt 0:01:15]} 18. Bxb6 {[%emt 0:05:43]} axb6 {[%emt 0:00:20]} 19. Bxe4 {[%emt 0:00:09]} Rc7 {[%emt 0:01:05]} 20. Qa6 {[%emt 0:11:05]} Qb8 {[%emt 0:01:09]} 21. Qa4 {[%emt 0:06:30]} Ra7 {[%emt 0:01:00]} 22. Qb3 {[%emt 0:00:07]} Kh8 {[%emt 0:05:02]} 23. a4 {[%emt 0:00:52]} Ra5 {[%emt 0:00:59]} 24. Ra1 {[%emt 0:00:23]} Qa7 {[%emt 0:01:32] [#]} 25. Ra2 $1 {[%emt 0:00:16]} Qe7 {[%emt 0:00:41]} 26. Bd5 {[%emt 0:01:08]} f5 {[%emt 0:02:03]} 27. e3 {[%emt 0:00:07]} f4 {[%emt 0:06:38]} 28. Qd1 {[%emt 0:00:52]} Qg5 {[%emt 0:03:13]} 29. Qe2 {[%emt 0:02:49]} Qf5 {[%emt 0:02:20]} 30. Kg2 {[%emt 0:04:29]} h5 {[%emt 0:08:11]} 31. Be4 {[%emt 0:01:23]} Qg5 {[%emt 0:01:31]} 32. Kh1 {[%emt 0:02:05]} Qh6 {[%emt 0:06:38]} 33. g4 $18 {[%emt 0:06:42]} hxg4 {[%emt 0:03:39]} 34. Qxg4 fxe3 {[%emt 0:00:31]} 35. Qxg6 {[%emt 0:02:10]} Qxg6 {[%emt 0:04:05]} 36. Bxg6 {[%emt 0:00:03]} Bh6 {[%emt 0:01:03]} 37. Be4 {[%emt 0:01:31]} Rf7 {[%emt 0:03:03]} 38. Kg2 {[%emt 0:01:25]} e2 {[%emt 0:04:37]} 39. Re1 {[%emt 0:01:23]} Rfa7 {[%emt 0:01:22]} 40. Rexe2 {[%emt 0:00:43]} Rxa4 {[%emt 0:00:12]} 41. Rxa4 {[%emt 0:00:24]} Rxa4 {[%emt 0:00:06]} 42. Kf3 {[%emt 0:00:46]} Ra7 {[%emt 0:00:37]} 43. Re1 {[%emt 0:00:21]} Rf7+ {[%emt 0:00:32]} 44. Ke2 {[%emt 0:00:07]} Bg5 {[%emt 0:00:55]} 45. Ra1 {[%emt 0:00:30]} Bh4 {[%emt 0:01:32]} 46. f3 {[%emt 0:01:14]} Rg7 {[%emt 0:00:07]} 47. Kf1 {[%emt 0:00:21]} Bg5 {[%emt 0:00:47]} 48. Ra6 {[%emt 0:01:04]} Be3 {[%emt 0:00:05]} 49. Rxb6 {[%emt 0:00:39]} Rg1+ {[%emt 0:00:05]} 50. Ke2 {[%emt 0:00:05]} Bd4 {[%emt 0:00:09]} 51. Rxd6 {[%emt 0:01:37]} Rg2+ {[%emt 0:00:06]} 52. Kd1 {[%emt 0:00:06]} Rg1+ {[%emt 0:01:01]} 53. Kc2 {[%emt 0:00:13]} 1-0